书目信息 |
| 题名: |
初级会计模拟实训
|
|
| 作者: | 颜莉 , 刘珍 主编 | |
| 分册: | ||
| 出版信息: | 武汉 华中科技大学出版社 2015.2 |
|
| 页数: | 275页 | |
| 开本: | 26cm | |
| 丛书名: | ||
| 单 册: | ||
| 中图分类: | F230 | |
| 科图分类: | ||
| 主题词: | 会计学--kuai ji xue | |
| 电子资源: | ||
| ISBN: | 978-7-5609-9854-1 | |
| 000 | 00943nam0 2200265 450 | |
| 001 | 0100004627 | |
| 005 | 20150212134620.5 | |
| 010 | @a978-7-5609-9854-1@dCNY29.80 | |
| 100 | @a20150212d2015 em y0chiy0121 ea | |
| 101 | 0 | @achi |
| 102 | @aCN@b420000 | |
| 105 | @ak a 000yy | |
| 106 | @ar | |
| 200 | 1 | @a初级会计模拟实训@Achu ji kuai ji mo ni shi xun@f主编颜莉, 刘珍 |
| 210 | @a武汉@c华中科技大学出版社@d2015.2 | |
| 215 | @a275页@d26cm | |
| 320 | @a有书目 (第275页) | |
| 330 | @a本书内容包括会计书写实训、会计凭证的填制和审核、日记账的登记、明细账的登记、科目汇总表的编制、总账的登记、对账与结账、错账的更正、会计报表的编制等。具有仿真性强、重点突出、综合性强等特点。 | |
| 333 | @a本书适用于高等院校相关专业学生, 也可供会计从业人员使用 | |
| 606 | 0 | @a会计学@Akuai ji xue |
| 690 | @aF230@v5 | |
| 701 | 0 | @a颜莉@Ayan li@4主编 |
| 701 | 0 | @a刘珍@Aliu zhen@4主编 |
| 801 | 0 | @aCN@c20160515 |
| 905 | @a河南城建学院图书馆@dF230@eY107 | |
| 初级会计模拟实训/主编颜莉, 刘珍.-武汉:华中科技大学出版社,2015.2 |
| 275页;26cm |
| 使用对象:本书适用于高等院校相关专业学生, 也可供会计从业人员使用 |
| ISBN 978-7-5609-9854-1:CNY29.80 |
| 本书内容包括会计书写实训、会计凭证的填制和审核、日记账的登记、明细账的登记、科目汇总表的编制、总账的登记、对账与结账、错账的更正、会计报表的编制等。具有仿真性强、重点突出、综合性强等特点。 |
| ● |
| 相关链接 |
|
|
|
正题名:初级会计模拟实训
索取号:F230/Y107
 
预约/预借
| 序号 | 登录号 | 条形码 | 馆藏地/架位号 | 状态 | 备注 |
| 1 | 1253309 | 212533098 | 社科二线422/409社科库 75排3列2层/ [索取号:F230/Y107] | 在馆 | |
| 2 | 1253310 | 212533105 | 社科库409/409社科库 75排3列2层/ [索取号:F230/Y107] | 在馆 | |
| 3 | 1253311 | 212533114 | 社科库409/409社科库 75排3列2层/ [索取号:F230/Y107] | 在馆 |